| 000 | 00381nam a22001577a 4500 | ||
|---|---|---|---|
| 003 | OSt | ||
| 005 | 20231213105915.0 | ||
| 007 | 375 pages | ||
| 008 | 231213b |||||||| |||| 00| 0 eng d | ||
| 020 | _a9789387944893 | ||
| 040 | _c | ||
| 082 | _a808.83/SHA | ||
| 245 |
_a5 AM club:Own your morning elevate your life _cSharma,Robin |
||
| 260 |
_bJaico _c2018 |
||
| 942 |
_2ddc _cBK _n0 |
||
| 999 |
_c36023 _d36023 |
||